LEADER 01560nam 2200373 n 450 001 996389269303316 005 20221108023449.0 035 $a(CKB)1000000000643462 035 $a(EEBO)2240928925 035 $a(UnM)99871622 035 $a(EXLCZ)991000000000643462 100 $a19850904d1642 uy | 101 0 $aeng 135 $aurbn||||a|bb| 200 10$aCalebs integrity in following the Lord fully$b[electronic resource] $ein a sermon preached at St. Margarets Westminster, before the Honourable House of Commons, at their late solemne and publick fast, Novemb: 30th. 1642. By Richard Vines, Mr. of Arts of Magd. Colledge in Camb: and minister of the gospell at Weddington in the county of Warr 210 $aLondon $cPrinted by G. M. for Abel Roper, at the Signe of of [sic] the Sun against St. Dunstans Church in Fleete-streete$dM. DC. XLII. [1642] 215 $a[6], 37, [1] p 300 $aWith an order to print on verso of first leaf, dated 30 November 1642. 300 $aReproduction of the original in the British Library. 330 $aeebo-0018 606 $aFast-day sermons$y17th century 606 $aSermons, English$y17th century 615 0$aFast-day sermons 615 0$aSermons, English 700 $aVines$b Richard$f1600?-1656.$01001686 712 02$aEngland and Wales.$bParliament. 801 0$bCu-RivES 801 1$bCu-RivES 801 2$bCStRLIN 801 2$bWaOLN 906 $aBOOK 912 $a996389269303316 996 $aCalebs integrity in following the Lord fully$92325271 997 $aUNISA LEADER 01330nam a2200361 i 4500 001 991001007739707536 008 101229s2007 it a 101 0 ita d 020 $a8888479198 020 $a9788888479194 035 $ab13945786-39ule_inst 040 $aDip.to Matematica$beng 082 0 $a510 084 $aAMS 00B10 084 $aAMS 00A05 245 00$aConferenze e Seminari 2006-2007 /$cvolume redatto a cura di L. Giacardi, M. Mosca, O. Robutti 260 $aTorino :$bKWB,$cc2007 300 $a397 p. :$bill. ;$c24 cm 440 0$aConferenze e Seminari 500 $aAt head of title: Associazione Subalpina Mathesis ; Seminario di Storia delle matematiche "Tullio Viola" 650 0$aConference proceedings 650 0$aCollections of papers 650 0$aGeneral mathematics 700 1 $aGiacardi, Livia 700 1 $aMosca, Miranda 700 1 $aRobutti, O. 710 2 $aAssociazione Subalpina Mathesis 711 2 $aSeminario di Storia delle Matematiche "Tullio Viola" 907 $a.b13945786$b17-06-14$c29-12-10 912 $a991001007739707536 945 $aLE013 00B MAT18 (2007)$g1$i2013000213712$lle013$og$pE30.00$q-$rl$s- $t0$u0$v0$w0$x0$y.i15217164$z30-12-10 996 $aConferenze e Seminari 2006-2007$9251516 997 $aUNISALENTO 998 $ale013$b29-12-10$cm$da $e-$fita$git $h0$i0 LEADER 01590nam0 22003493i 450 001 AQ10012978 005 20251003044042.0 010 $a0387567305$bNew York 010 $a3540567305$bBerlin 100 $a20111216d1993 ||||0itac50 ba 101 | $aeng 102 $ade 181 1$6z01$ai $bxxxe 182 1$6z01$an 200 1 $aWord equations and related topics$esecond international workshop, IWWERT '91$eRouen, France, October 7-9, 1991$eproceedings$fHabib Abdulrab, Jean-Pierre Pecuchet (eds.) 210 $aBerlin [etc.]$cSpringer$dc1993 215 $a214 p.$d24 cm 225 | $aLecture notes in computer science$fedited by G. Goos and J. Hartmanis$v677 410 0$1001MIL0030703$12001 $aLecture notes in computer science$fedited by G. Goos and J. Hartmanis$v677$1702 1$aGoos$b, Gerhard$3AQ1V006441$4340 676 $a006.3$9INTELLIGENZA ARTIFICIALE$v14 676 $a006.35$9cd 20$v22 702 1$aAbdulrab$b, Habib$3AQ1V007016 702 1$aPecuchet$b, Jean-Pierre$3AQ1V007017 710 12$aIWWERT$d <2.$f ; 1991$e ; Rouen>$3AQ1V007015$4070$0714682 791 12$aInternational workshop on word equations and related topics$d <2.$f ; 1991$e ; Rouen>$3AQ1V007037$zIWWERT <2. ; 1991 ; Rouen> 801 3$aIT$bIT-000000$c20111216 850 $aIT-BN0095 912 $aAQ10012978 950 0$aBiblioteca Centralizzata di Ateneo$c193 v.$d 01COLL. ING. LNCS$e 0102 0000012445 VMA A4677 v. 677$fY $h19940706$i20111216 977 $a 01 996 $aWord equations and related topics$91382025 997 $aUNISANNIO